Lo cinematográfico como expresión /

Zapisane w:
Opis bibliograficzny
1. autor: Campos Martínez, Luis (autor)
Format: Książka
Język:hiszpański
Wydane: Bogotá, Colombia : Ediciones Paulinas, 1975, c1975
Hasła przedmiotowe:
Etykiety: Dodaj etykietę
Nie ma etykietki, Dołącz pierwszą etykiete!

MARC

LEADER 00000nam^a2200000^a^4500
001 000325222
005 20250521000000.0
008 121003 19751975
009 20260310113730.561
037 |a Acervo Xavier Clavigero 
041 |a ESP 
082 |a 302. 23502  |b CAM 
100 |a Campos Martínez, Luis  |e (autor) 
245 1 0 |a Lo cinematográfico como expresión /  |c L. Campos Martínez. 
264 4 |a Bogotá, Colombia :  |b Ediciones Paulinas,  |c 1975, c1975 
300 |a 235 p. 
336 |a texto  |b txt  |2 rdacontenido 
337 |a sin mediación  |b n  |2 rdamedio 
338 |a volumen  |b nc  |2 rdasoporte 
562 |a Impresión deficiente: pp. 227-234 
649 |a XX 
650 |a Lenguaje Cinematográfico -  |x Tema Principal 
650 |a Cine 
910 |a Fondo General 
920 |a Impresos - Libros 
930 |a Colección General 
905 |a 101 
901 |a 041419  |b IT1  |c ACC  |u 20250521 
902 |a https://opac.biblio.iteso.mx/vufind/Record/000325222